00554nam a22001337a 4500008004100000020001800041050001800059100002100077245004300098250001200141260003500153300003000188505020200218180205b xxu||||| |||| 00| 0 eng d a9780443068263 aRC683.5.E5 H3 aHampton, John R. aThe ECG made easy. /cJohn R. Hampton. a7th ed. aLondon:bElsevier Ltd.,c2008. aviii, 179p.:bill.;c19cm aContents: What the ECG is about -- Conduction and its problems -- The rhythm of the heart -- Abnormalities of P waves, QRS complexes and T waves -- How to use ECG -- Reminders -- Now test yourself.